000 01296cam a2200325 i 4500
001 28287
003 Mx-PuUPA
005 20240703133957.0
008 140415s1998 sp ad gr 000 0 spa d
020 _a8425333040
020 _a9788425333040
040 _aMx-PuUPA
_bspa
_cMx-PuUPA
_dMx-PuUPA
_erda
041 1 _aspa
_heng
100 1 _aHeller, Robert,
_d1932-2012
_911262
_eautor
240 1 0 _aCommunicate clearly.
_lEspañol
245 1 0 _aComunicar con claridad /
_cRobert Heller ; traducción, Irene Saslavsky
264 1 _aBarcelona :
_bGrijalbo, Mondadori,
_c©1998
300 _a72 páginas :
_bilustraciones, diagramas, tablas ;
_c18 cm
336 _2rdacontent
_atexto
_btxt
337 _2rdamedia
_asin medio
_bn
338 _2rdacarrier
_avolumen
_bnc
490 0 _aBiblioteca Esencial del Ejecutivo
500 _a"Comprensión, Preguntas, Escuchar, Técnicas, Metas, Contestar, Actas, Informar, Agenda, Guía, Respuesta, Tarea, Interpretar" -- Cubierta, Portada
650 7 _2armarc
_aComunicación en administración
700 1 _aSaslavsky, Irene,
_etraductor
765 0 _aHeller, Robert, 1932-2012
_dLondres : Dorling Kindersley, ©1998
_tCommunicate clearly.
942 _2ddc
_cLI
_h658.45
_iC7285
999 _c28287
_d28287